| 000 | 00904cam a2200241 4500 | ||
|---|---|---|---|
| 001 | 2661236 | ||
| 003 | AUA.1 | ||
| 005 | 20120906124942.0 | ||
| 008 | 730102s1972 txu b 000 0 eng | ||
| 010 | _a 72084167 | ||
| 040 |
_aDLC _cDLC _dDLC |
||
| 050 | 0 | 0 |
_aBV 4501.2 _b.O48 1972 |
| 082 | 0 | 0 | _a248/.4 |
| 100 | 1 |
_aOlsson, Karl A. _925391 |
|
| 245 | 1 | 0 |
_aCome to the party; _ban invitation to a freer life style _c[by] Karl A. Olsson. |
| 260 |
_aWaco, Tex., _bWord Books _c[1972] |
||
| 300 |
_a178 p. _c23 cm. |
||
| 504 | _aIncludes bibliographical references. | ||
| 650 | 0 |
_aChristian life. _925392 |
|
| 906 |
_a7 _bcbc _corignew _du _eopcn _f19 _gy-gencatlg |
||
| 942 |
_2lcc _cBOOK _hBV 4501.2 _i.O48 1972 |
||
| 999 |
_c7396 _d7396 |
||